000 00732nam a2200289Ia 4500
008 181129s9999 xx 000 0 und d
020 _a9780375840616
050 _bS757 2007
100 _aSpinelli, Eileen
245 0 _aSummerhouse time /
245 0 _cby Eileen Spinelli ; illustrated by Joanne Lew-Vriethoff.
250 _aFirst edition.
260 _aNew York, NY :
260 _bAlfred A. Knopf.
260 _c2007
300 _a218 pages :
300 _billustrations ;
300 _c18cm.
650 _aBeaches --
650 _aFamily life --
650 _aSummer --
650 _xFiction.
650 _xFiction.
650 _xFiction.
700 _aLew-Vriethoff, Joanne, ill.
700 _aTitle.
999 _c359508
_d359508